Państwa Europy - jednominutowy sprint z mapą - Statystyki

Ogólne statystyki
  • Ten quiz został rozwiązany 48 razy
  • Średni wynik to 29 z 45
Odpowiedzi na mapie
Odpowiedzi zakodowano w zielono-czerwonej skali na mapie do tego quizu, zgodnie z poniższymi procentami.
 
Statystyki odpowiedzi
Państwa % Poprawnych
Polska
96%
Niemcy
93%
Rosja
93%
Francja
89%
Hiszpania
89%
Włochy
89%
Czechy
86%
Islandia
86%
Portugalia
86%
Belgia
82%
Szwecja
82%
Ukraina
82%
Estonia
79%
Holandia
79%
Norwegia
79%
Białoruś
75%
Finlandia
75%
Irlandia
75%
Litwa
75%
Łotwa
75%
Wielka Brytania
75%
Dania
71%
Andora
64%
Słowacja
64%
Watykan
61%
Grecja
57%
Słowenia
57%
Węgry
57%
Austria
54%
Malta
54%
Albania
50%
Luksemburg
50%
Monako
50%
Rumunia
50%
Szwajcaria
50%
Kosowo
46%
San Marino
46%
Serbia
43%
Macedonia
36%
Bośnia i Hercegowina
32%
Bułgaria
32%
Chorwacja
32%
Czarnogóra
32%
Liechtenstein
32%
Mołdawia
32%
Nie znaleziono quizów pasujących do podanych kryteriów
Rozkład punktacji
Procent ludzi z każdym wynikiem
Percentyl według liczby udzielonych odpowiedzi
Twoja historia wyników
Nie rozwiązałeś tego quizu